[Event "GER-ch50 final email"]
[Site "GER email"]
[Date "2020.04.12"]
[Round "?"]
[White "Even, Roland"]
[Black "Amann, Hubert"]
[Result "1/2-1/2"]
[WhiteElo "2494"]
[BlackElo "2406"]
[PlyCount "49"]
[EventDate "2020.??.??"]
[EventType "tourn (corr)"]
[EventRounds "14"]
[EventCountry "GER"]
[SourceTitle "Corr 2022"]
[Source "ChessBase"]
[SourceDate "2021.10.24"]
[SourceVersion "1"]
[SourceVersionDate "2021.10.24"]
[SourceQuality "1"]

1. e4 e5 2. Nf3 Nc6 3. Bb5 Nf6 4. d3 Bc5 5. Nc3 Nd4 6. Bc4 d6 7. Nxd4 Bxd4 8. 0-0 0-0 9. a4 a5 10. Qe1 c6 11. Kh1 h6 12. Bb3 Be6 13. Bxe6 fxe6 14. Ne2 Bc5 15. f3 Nd7 16. b3 Rf7 17. Bd2 Qb6 18. Bc3 d5 19. Qg3 d4 20. Bd2 Rf6 21. f4 Raf8 22. Rf3 Bd6 23. f5 exf5 24. Rxf5 Bb4 25. Rxf6 1/2-1/2

[Event "GER-ch50 final email"]
[Site "GER email"]
[Date "2020.04.12"]
[Round "?"]
[White "Even, Roland"]
[Black "Hanel, Roland"]
[Result "1/2-1/2"]
[WhiteElo "2494"]
[BlackElo "2382"]
[PlyCount "53"]
[EventDate "2020.??.??"]
[EventType "tourn (corr)"]
[EventRounds "14"]
[EventCountry "GER"]
[SourceTitle "Corr 2022"]
[Source "ChessBase"]
[SourceDate "2021.10.24"]
[SourceVersion "1"]
[SourceVersionDate "2021.10.24"]
[SourceQuality "1"]

1. d4 f5 2. Bg5 h6 3. Bh4 g5 4. Bg3 Bg7 5. e3 c5 6. c3 Qb6 7. Nf3 d5 8. Qb3 Nc6 9. Qxb6 axb6 10. Bc7 c4 11. Bxb6 Nf6 12. Be2 Bd7 13. a3 Be6 14. Bc7 Ne4 15. Nfd2 Nf6 16. Nf3 Ne4 17. h3 b5 18. Nbd2 b4 19. Nxe4 fxe4 20. Nd2 Kd7 21. Bg3 Ra5 22. cxb4 Nxb4 23. 0-0 Rha8 24. Rab1 Nd3 25. f3 exf3 26. Nxf3 Bf5 27. b3 1/2-1/2

[Event "GER-ch50 final email"]
[Site "GER email"]
[Date "2020.04.12"]
[Round "?"]
[White "Rio, Roland Del"]
[Black "Even, Roland"]
[Result "1-0"]
[WhiteElo "2447"]
[BlackElo "2494"]
[PlyCount "36"]
[EventDate "2020.??.??"]
[EventType "tourn (corr)"]
[EventRounds "14"]
[EventCountry "GER"]
[SourceTitle "Corr 2022"]
[Source "ChessBase"]
[SourceDate "2021.10.24"]
[SourceVersion "1"]
[SourceVersionDate "2021.10.24"]
[SourceQuality "1"]

1. d4 c5 2. d5 e5 3. e4 d6 4. a4 Nf6 5. Nd2 Be7 6. Bd3 0-0 7. Ne2 Nbd7 8. Nc3 Ne8 9. Nc4 Nb8 10. a5 Bg5 11. 0-0 Bxc1 12. Qxc1 Qe7 13. f4 Nd7 14. Nb5 g6 15. Ra3 f5 16. exf5 e4 17. Be2 a6 18. Nc3 gxf5 1-0

[Event "GER-ch49 final email"]
[Site "GER email"]
[Date "2019.02.19"]
[Round "?"]
[White "Boos, Markus"]
[Black "Even, Roland"]
[Result "0-1"]
[WhiteElo "2419"]
[BlackElo "2460"]
[PlyCount "82"]
[EventDate "2019.??.??"]
[EventType "tourn (corr)"]
[EventRounds "14"]
[EventCountry "GER"]
[SourceTitle "Corr 2022"]
[Source "ChessBase"]
[SourceDate "2021.10.24"]
[SourceVersion "1"]
[SourceVersionDate "2021.10.24"]
[SourceQuality "1"]

1. e4 c5 2. Nf3 d6 3. d4 cxd4 4. Nxd4 Nf6 5. Nc3 a6 6. Bg5 Nbd7 7. Qe2 h6 8. Bh4 g6 9. f4 e5 10. fxe5 dxe5 11. 0-0-0 Qc7 12. Nb3 b5 13. Nd5 Nxd5 14. exd5 Bd6 15. Qd2 f5 16. Kb1 g5 17. Be1 Nf6 18. Be2 0-0 19. h4 g4 20. Qxh6 f4 21. a4 Qg7 22. Qg5 Ne4 23. Qxg7+ Kxg7 24. Na5 Bf5 25. Bd3 Rf7 26. b4 Be7 27. c4 bxc4 28. Nxc4 Bf6 29. h5 Rc7 30. h6+ Kg6 31. Ka2 Ng3 32. Bxg3 Bxd3 33. Nb6 Rb8 34. Rxd3 Rxb6 35. Bh4 e4 36. Rb3 Kh7 37. Bxf6 Rxf6 38. g3 f3 39. Re3 Rc2+ 40. Kb3 Rg2 41. Rxe4 Rf8 0-1

[Event "GER-ch49 final email"]
[Site "GER email"]
[Date "2019.02.19"]
[Round "?"]
[White "Even, Roland"]
[Black "Koentges, Markus"]
[Result "1/2-1/2"]
[WhiteElo "2460"]
[BlackElo "2394"]
[PlyCount "56"]
[EventDate "2019.??.??"]
[EventType "tourn (corr)"]
[EventRounds "14"]
[EventCountry "GER"]
[SourceTitle "Corr 2022"]
[Source "ChessBase"]
[SourceDate "2021.10.24"]
[SourceVersion "1"]
[SourceVersionDate "2021.10.24"]
[SourceQuality "1"]

1. d4 Nf6 2. c4 e6 3. Nf3 b6 4. g3 Ba6 5. b3 d5 6. Bg2 Bb4+ 7. Bd2 Be7 8. cxd5 exd5 9. Nc3 0-0 10. 0-0 Re8 11. a3 Nbd7 12. b4 c6 13. Qa4 Bb7 14. Qc2 h6 15. e3 Bd6 16. Rfc1 Rc8 17. Nh4 Bf8 18. Be1 b5 19. Nf3 a6 20. Nd1 Rc7 21. Nb2 Nb6 22. a4 Bd6 23. Nd3 Nc4 24. Bc3 Bc8 25. Nc5 Qe7 26. Ne5 Nxe5 27. dxe5 Bxe5 28. Bxe5 Qxe5 1/2-1/2

[Event "GER-ch49 final email"]
[Site "GER email"]
[Date "2019.02.19"]
[Round "?"]
[White "Even, Roland"]
[Black "Lins, Thomas"]
[Result "1/2-1/2"]
[WhiteElo "2460"]
[BlackElo "2462"]
[PlyCount "58"]
[EventDate "2019.??.??"]
[EventType "tourn (corr)"]
[EventRounds "14"]
[EventCountry "GER"]
[SourceTitle "Corr 2022"]
[Source "ChessBase"]
[SourceDate "2021.10.24"]
[SourceVersion "1"]
[SourceVersionDate "2021.10.24"]
[SourceQuality "1"]

1. d4 d5 2. c4 dxc4 3. e3 Nf6 4. Bxc4 e6 5. Nf3 c5 6. 0-0 a6 7. dxc5 Qxd1 8. Rxd1 Bxc5 9. Be2 0-0 10. Bd2 Nc6 11. Nc3 Bd7 12. Rac1 Rfd8 13. Na4 Ba7 14. Be1 Be8 15. Nc5 Rxd1 16. Bxd1 Nd8 17. Nb3 Nc6 18. Nc5 Nd8 19. Nb3 Nc6 20. Be2 Nd5 21. Nfd2 h6 22. Nc4 Rd8 23. Nca5 Nxa5 24. Nxa5 Rb8 25. Bd2 Bb6 26. Bf3 g5 27. g3 Bxa5 28. Bxa5 Bc6 29. Be2 f5 1/2-1/2

[Event "GER-ch48 final email"]
[Site "GER email"]
[Date "2018.09.24"]
[Round "?"]
[White "Even, Roland"]
[Black "Baer, Lutz"]
[Result "1/2-1/2"]
[WhiteElo "2459"]
[BlackElo "2424"]
[PlyCount "133"]
[EventDate "2018.??.??"]
[EventType "tourn (corr)"]
[EventRounds "14"]
[EventCountry "GER"]
[SourceTitle "Corr 2022"]
[Source "ChessBase"]
[SourceDate "2021.10.24"]
[SourceVersion "1"]
[SourceVersionDate "2021.10.24"]
[SourceQuality "1"]

1. Nf3 d5 2. c4 d4 3. b4 Bg4 4. Qb3 e6 5. g3 a5 6. b5 a4 7. Qd1 c5 8. Bg2 Bd6 9. 0-0 Nd7 10. d3 Ne7 11. Nbd2 0-0 12. Ba3 Bc7 13. Qc2 Nf5 14. h3 Bxf3 15. Nxf3 b6 16. Rae1 Ra7 17. Bc1 Ne5 18. Qd1 Ng6 19. h4 Ne5 20. h5 a3 21. Bh3 Bd6 22. Kh1 h6 23. Kg2 Qa8 24. Rh1 Ne7 25. Kg1 Qb8 26. Kg2 Nxf3 27. exf3 e5 28. g4 f6 29. Qe2 Qd8 30. Qe4 Kh8 31. Kf1 Nc8 32. Ke2 Re8 33. Bg2 Bf8 34. Qg6 Nd6 35. Kf1 Qc8 36. f4 e4 37. Rh3 Rf7 38. dxe4 Qe6 39. e5 Qxc4+ 40. Qd3 Rfe7 41. Bc6 Rd8 42. Bxa3 Qxd3+ 43. Rxd3 Nc4 44. e6 Nxa3 45. Rxa3 c4 46. f5 c3 47. Ra1 Rxe6 48. Rxc3 dxc3 49. fxe6 Ba3 50. Bd7 c2 51. Ke2 Kg8 52. e7 Bxe7 53. Bf5 Rd4 54. Rc1 Bc5 55. Rxc2 Kf7 56. Kf3 Ke7 57. Re2+ Kd6 58. Kg3 Kd5 59. Be6+ Kd6 60. Bf5 Kd5 61. Be6+ Kd6 62. Bb3 Kc7 63. Rc2 Kd6 64. Re2 Kc7 65. Kf3 Kd7 66. Be6+ Kd6 67. Bb3 1/2-1/2

[Event "GER-ch48 final email"]
[Site "GER email"]
[Date "2018.09.24"]
[Round "?"]
[White "Hesse, Olaf"]
[Black "Even, Roland"]
[Result "1/2-1/2"]
[WhiteElo "2450"]
[BlackElo "2459"]
[PlyCount "77"]
[EventDate "2018.??.??"]
[EventType "tourn (corr)"]
[EventRounds "14"]
[EventCountry "GER"]
[SourceTitle "Corr 2022"]
[Source "ChessBase"]
[SourceDate "2021.10.24"]
[SourceVersion "1"]
[SourceVersionDate "2021.10.24"]
[SourceQuality "1"]

1. e4 c5 2. Nf3 d6 3. d4 cxd4 4. Nxd4 Nf6 5. Nc3 a6 6. h3 e5 7. Nb3 Be6 8. Be3 Be7 9. f4 exf4 10. Bxf4 Nc6 11. Qe2 Ne5 12. 0-0-0 Nfd7 13. Kb1 0-0 14. g4 h6 15. Qe3 Rc8 16. Rg1 Re8 17. a3 g5 18. Bg3 b5 19. Rg2 Bf8 20. Nd4 Bg7 21. Nxe6 Rxe6 22. Bxe5 Bxe5 23. Nd5 Nf6 24. Rf2 Nxd5 25. Rxd5 Rc6 26. Rd1 Bf4 27. Qd4 Qb8 28. Bd3 b4 29. a4 b3 30. Bc4 Be5 31. Qd3 bxc2+ 32. Rxc2 Re7 33. Rdd2 Rb6 34. Bxa6 Kg7 35. Bb5 Reb7 36. Rf2 Rxb5 37. axb5 Rxb5 38. Qc4 Rb7 39. Rcd2 1/2-1/2

[Event "GER-ch50 V03 email"]
[Site "GER email"]
[Date "2018.05.15"]
[Round "?"]
[White "Even, Roland"]
[Black "Kaiser, Stephan"]
[Result "1-0"]
[WhiteElo "2439"]
[BlackElo "2258"]
[PlyCount "145"]
[EventDate "2018.??.??"]
[EventType "tourn (corr)"]
[EventRounds "10"]
[EventCountry "GER"]
[SourceTitle "Corr 2022"]
[Source "ChessBase"]
[SourceDate "2021.10.24"]
[SourceVersion "1"]
[SourceVersionDate "2021.10.24"]
[SourceQuality "1"]

1. Nf3 Nf6 2. g3 d5 3. Bg2 e6 4. 0-0 c5 5. b3 Be7 6. Bb2 0-0 7. e3 b5 8. d3 Bb7 9. Nbd2 Qc7 10. Qe2 b4 11. a3 a5 12. axb4 cxb4 13. Rfc1 Nbd7 14. Qd1 Rfc8 15. c3 bxc3 16. Bxc3 Qb6 17. Rc2 Ne8 18. Nb1 Qxb3 19. Nbd2 Qb6 20. Rb2 Bb4 21. Bxb4 axb4 22. Rab1 Qd6 23. Rxb4 Ba6 24. Bf1 e5 25. R4b2 Nc7 26. h4 h6 27. Ra1 Rab8 28. Rxb8 Rxb8 29. Ra2 Nf8 30. Qa1 f6 31. Kg2 Rb6 32. Rc2 Nfe6 33. h5 d4 34. e4 Rc6 35. Rb2 Nb5 36. Kh2 Nc3 37. Bh3 Nc5 38. Nh4 Kf7 39. Bf5 Nxd3 40. Ra2 Nc5 41. Ra5 Nb7 42. Ra3 Nc5 43. Nb1 Nxb1 44. Qxb1 d3 45. Qa2+ Ne6 46. Bg6+ Kf8 47. Nf5 Qc5 48. Kg2 Qb6 49. Rb3 Qc7 50. Qa4 d2 51. Rb2 d1Q 52. Qxd1 Bc8 53. Qa4 Nc5 54. Qb4 Be6 55. Rd2 Bc8 56. Qb8 Nb7 57. Qa8 Rc4 58. Qa7 Rc6 59. Qa3+ Rc5 60. Qb3 Rc6 61. Bh7 Rc4 62. Ne3 Na5 63. Qa2 Be6 64. Nxc4 Nxc4 65. Rc2 Qc6 66. Qb3 Qb6 67. Qxb6 Nxb6 68. Rc6 Bf7 69. Rxb6 Bxh5 70. Rb8+ Ke7 71. Bg8 Be8 72. Rxe8+ Kxe8 73. Bd5 1-0

[Event "GER-ch50 V03 email"]
[Site "GER email"]
[Date "2018.05.15"]
[Round "?"]
[White "Schmidt, Joerg"]
[Black "Even, Roland"]
[Result "1/2-1/2"]
[WhiteElo "2382"]
[BlackElo "2439"]
[PlyCount "32"]
[EventDate "2018.??.??"]
[EventType "tourn (corr)"]
[EventRounds "10"]
[EventCountry "GER"]
[SourceTitle "Corr 2020"]
[Source "ChessBase"]
[SourceDate "2019.09.30"]
[SourceVersion "1"]
[SourceVersionDate "2019.09.30"]
[SourceQuality "1"]

1. Nf3 f5 2. b3 g6 3. Bb2 Nf6 4. g3 Bg7 5. Bg2 0-0 6. 0-0 b6 7. c4 Bb7 8. Nc3 Na6 9. d3 d6 10. e4 fxe4 11. Ng5 Nc5 12. d4 h6 13. dxc5 hxg5 14. Qd2 g4 15. Rae1 bxc5 16. Nxe4 Nxe4 1/2-1/2